LEADER 01738nam a2200397 u 4500 001 000000065394 003 CaOOAMICUS 005 20070226121448.0 008 011205s1986 fr u000 u fre u 020 $a2204025763 035 $a10912907 040 $aPUL$bita 041 1 $afre$hspa 100 1 $aSobrino, Jon.$0(OLS)http://pul/name/39503 240 10$aJesús en America Latina.$lFrancese.$0(OLS)http://pul/title/86998 245 10$aJésus en Amérique Latine :$bsa signification pour la foi et la christologie /$cJon Sobrino ; traduit de l'espagnol par Francis Guibal. 260 $aParis :$bCerf,$c1986. 300 $a273 p. ;$c23 cm 490 1 $aCogitatio fidei ;$v140 500 $aContiene indici. 504 $aBibliografia in nota. 600 04$aIesus Christus.$0(OLS)http://pul/subject/207 651 4$aAmerica Latina$xStoria ecclesiastica.$0(OLS)http://pul/subject/22385 700 1 $aGuibal, Francis.$0(OLS)http://pul/name/43596 830 0$aCogitatio fidei ;$v140.$0(OLS)http://pul/title/876 850 $aPUL 852 $aPUL$W1$xSL Religione 2$y84$mTheol A13 140$j84681$nBK-PRI$b $qStampati altre collocazioni$B84681$CPULBib$Z2$F84681 $H $81 852 $aPUL$W1$xDP1 Fondo Bordoni$y120$m3 E 90.140$j172636$qFondi$B174492$CPULBib$Z2$F174492 $HBor941 $81 941 1 $a1 941 1 $a10 960 $aCristologia$9207 960 $aCristologia$9207 960 $aGesù Cristo$9207 996 $6020$a2204025763$9(OLS)http://pul/number/84809 996 $6245$aJésus en Amérique Latine :$bsa signification pour la foi et la christologie$9(OLS)http://pul/title/86999 996 $6260$aParis :$bCerf$9(OLS)http://pul/publisher/48238 LEADER 01141nam a2200289 u 4500 001 000000080225 003 CaOOAMICUS 005 20070226123625.0 008 040705s2003 enk u000 u eng u 020 $a0567084442 035 $a11003006 040 $aPUL$bita 100 1 $aGrabbe, Lester L.$0(OLS)http://pul/name/25215 245 10$aWisdom of Solomon /$cLester L. Grabbe. 260 $aNew York ;$aLondon-New York :$bContinuum,$c2003. 300 $a105 p. ;$c18 cm 490 1 $aT&T Clark Study Guides 500 $aComprende indici. 504 $aBibliografia in appendice. 630 04$aBiblia.$pV.T.$pSapientia.$lInglese$xCommenti.$0(OLS)http://pul/subject/27829 830 0$aT&T Clark Study Guides.$0(OLS)http://pul/title/105087 850 $aPUL 852 $aPUL$W1$xSL Religione 3$y85$m222 KNIMI 1$j120295$nBK-PRI$qDDC 21$B102483$CPULBib$Z2$F102483 $H95791 $82 941 1 $a9 996 $6020$a0567084442$9(OLS)http://pul/number/105952 996 $6245$aWisdom of Solomon$9(OLS)http://pul/title/105088 996 $6260$aNew York ;$aLondon-New York :$bContinuum$9(OLS)http://pul/publisher/75812